| 000 | 00749cam a2200229 4500 | ||
|---|---|---|---|
| 001 | ABS61344 | ||
| 008 | 000000n1999 000 0 eng u | ||
| 035 | _a(Sirsi) u100836 | ||
| 100 | _aKahn, K.E. | ||
| 245 | _aControlling occupancy costs through lease management | ||
| 260 | _c1999 | ||
| 490 |
_aJournal of Corporate Real Estate _v1(4) September 1999, 369-375(7) |
||
| 520 | _aSets out methods of identifying and controlling costs as a transaction progresses through the real estate life cycle. | ||
| 590 | _aABS | ||
| 650 | _aOCCUPANCY COSTS | ||
| 650 | _aCORPORATE PROPERTY | ||
| 650 | _aOPERATING COSTS | ||
| 650 | _aCOST CONTROL | ||
| 650 |
_aProperty management _96262 |
||
| 690 | _aCOMMERCIAL PROPERTY-MANAGEMENT | ||
| 942 | _n0 | ||
| 999 |
_c60239 _d60239 |
||